• 首页
  • 本馆介绍
  • 公告通知
  • 最新文献
  • 馆藏检索
  • 电子资源
  • 读者导购
  • 参考咨询
  • 我的图书馆
  • 登录
  • 详细信息显示
  • 放入我的书架
  • 预约/预借图书
  • 作者相关作品
  • 分类相关作品
  • 丛书相关作品
  • 出版社相关作品

书目信息

  • 表格格式
  • 工作单格式
  • 卡片格式
题名:
现代图案设计
    
 
作者: 郑军 , 徐丽惠 编著
分册:  
出版信息: 北京   金盾出版社  2006
页数: 144页
开本: 26cm
丛书名:
单 册:
中图分类: J51
科图分类:
主题词: 图案--设计 , 图案
电子资源:
ISBN: 7-5082-3886-9
000 00742nam0 2200241 450
001 010040032554
005 20061117101634.06
010    @a7-5082-3886-9@dCNY27.50
100    @a20060324d2006 em y0chiy0110 ea
101 0  @achi
102    @aCN@b110000
105    @aa z 000yy
200 1  @a现代图案设计@9xian dai tu an she ji@f郑军,徐丽惠编著
210    @a北京@c金盾出版社@d2006
215    @a144页@c图@d26cm
330    @a本书介绍了图案的特点、分类、素材、历史及基本制作方法,其基本理论知识的讲述简明扼要、系统实用,插图及附图针对性强。
606 0  @a图案@x设计
606 0  @a图案
690    @aJ51@v4
701  0 @a郑军@9zheng jun@4编著
701  0 @a徐丽惠@9xu li hui@4编著
801  0 @aCN@bRENTIAN@c20061117
905    @a10447@dJ51@e159
    
    现代图案设计/郑军,徐丽惠编著.-北京:金盾出版社,2006
    144页:图;26cm
    
    
    ISBN 7-5082-3886-9:CNY27.50
    本书介绍了图案的特点、分类、素材、历史及基本制作方法,其基本理论知识的讲述简明扼要、系统实用,插图及附图针对性强。
●
相关链接 在E读中查询图书 在五车中查询图书 在当当中查询图书 在豆瓣中查询图书


正题名:现代图案设计     索取号:J51/159         预约/预借

序号 登录号 条形码 馆藏地/架位号 状态 备注
1 0389353   203893536   第一样本阅览室/ [索取号:J51/159] 在馆    
2 0389354   203893545   第一借阅区/ [索取号:J51/159] 在馆    
3 0389355   203893554   第一借阅区/ [索取号:J51/159] 在馆    
4 0389356   203893563   第一借阅区/ [索取号:J51/159] 在馆    
5 0389357   203893572   第一借阅区/ [索取号:J51/159] 在馆    
唐山师范学院图书馆 欢迎您!
大连网信软件有限公司© 版权所有